| 000 | 00686nam a2200133Ia 4500 | ||
|---|---|---|---|
| 008 | 171212s9999 xx 000 0 und d | ||
| 020 | _a9781921536861 | ||
| 245 |
_ceditor Altman, Jon;Martin, David _aPower, Culture, Economy _bIndigenous Australians and Mining |
||
| 260 |
_bANU E Press _c2009 |
||
| 440 | _aCentre for Aboriginal Economic Policy Research (CAEPR) | ||
| 650 | _aAboriginal Australians -- Economic conditions; Aboriginal Australians -- Social conditions; Mineral industries -- Australia; Mineral industries -- Environmental aspects -- Australia; Mineral industries -- Social aspects -- Australia | ||
| 650 | _aSociology | ||
| 856 | _uwww.jstor.org/stable/10.2307/j.ctt24h9wx | ||
| 999 |
_c351269 _d351269 |
||